000
00313nam a2200145Ia 4500
100
_a
Kissell thomas E
250
_a
3
942
_c
BK
654
_a
industrial
245
_a
Industrial electronics
260
_b
Prentice Hall
_a
New Delhi
_c
2003
082
_a
629.89
_b
KIS
300
_a
904
546
_a
ENGLISH
999
_c
34449
_d
34449